Phương pháp đàm thoại và giao tiếp tiếng Anh thương mại = Oral presentations & business talk for English world /
Сохранить в:
| Формат: | Sách giấy |
|---|---|
| Язык: | Vietnamese English |
| Опубликовано: |
Đồng Nai :
Tổng hợp,
1998.
|
| Предметы: | |
| Метки: |
Добавить метку
Нет меток, Требуется 1-ая метка записи!
|
| Thư viện lưu trữ: | Thư viện Trường Đại học Đà Lạt |
|---|
| LEADER | 00875nam a2200313 4500 | ||
|---|---|---|---|
| 001 | DLU090102979 | ||
| 005 | ##20091228 | ||
| 040 | # | # | |a DLU |b vie |
| 041 | # | # | |a vie |a eng |
| 044 | # | # | |a vn |
| 082 | # | # | |a 428 |b Phu |
| 245 | # | # | |a Phương pháp đàm thoại và giao tiếp tiếng Anh thương mại = |b Oral presentations & business talk for English world / |c . |
| 246 | # | # | |a Oral presentations & business talk for English world |
| 260 | # | # | |a Đồng Nai : |b Tổng hợp, |c 1998. |
| 300 | # | # | |a 343 tr. ; |c 21 cm. |
| 546 | # | # | |a Tài liệu viết bằng song ngữ Anh - Việt. |
| 653 | # | # | |a Đàm thoại |
| 653 | # | # | |a Tiếng Anh |
| 923 | # | # | |a 15/2009 |
| 991 | # | # | |a GT |
| 992 | # | # | |a 21000 |
| 994 | # | # | |a DLU |
| 900 | # | # | |a True |
| 911 | # | # | |a Đào Thị Thu Huyền |
| 925 | # | # | |a G |
| 926 | # | # | |a A |
| 927 | # | # | |a SH |
| 980 | # | # | |a Thư viện Trường Đại học Đà Lạt |